Informacionnyje sematičeskije sistemy EVM v 11. knigach : Kn.1 /

Salvato in:
Dettagli Bibliografici
Autore principale: Solomatin, N.M (Autore)
Natura: Libro
Lingua:russo
Pubblicazione: Moskva : Vyšča škola, 1989
Serie:Perspektivy razvitija vyčisliteľnoj techniki
Tags: Aggiungi Tag
Nessun Tag, puoi essere il primo ad aggiungerne!!

MARC

LEADER 00000nam a22000003a 4500
001 stu3567
005 20150617225616.7
008 930416s1989----xxr-----------------rus-d
040 |a STU  |b slo 
041 0 |a rus 
044 |a xxr 
080 |a 681.322.06 
080 |a 519.685  |7 stu_us_auth*stu8263 
080 |a 519.76 
100 1 |a Solomatin, N.M  |4 aut 
245 1 |a Informacionnyje sematičeskije sistemy EVM v 11. knigach :  |b Kn.1 /  |c [aut.] Solomatin,N.M 
260 |a Moskva :  |b Vyšča škola,  |c 1989 
300 |a 126 s 
830 0 |a Perspektivy razvitija vyčisliteľnoj techniki 
996 |b E68530  |c E*68530  |l EE03  |s P  |a 0  |w stu3567_0001